| 000 | 00357nam a2200121Ia 4500 | ||
|---|---|---|---|
| 008 | 191201s2015 xx 000 0 und d | ||
| 100 | _aASSOCIATION OF INDIAN UNIVERSITIES | ||
| 245 | 0 | _aUniversities Hand Book Vol- I 2014 (A- K) | |
| 260 |
_aN. Delhi _bAssociation of Indian Universities _c2015 |
||
| 300 | _a1118 | ||
| 650 | _aGeneral Books | ||
| 942 |
_2ddc _cBK |
||
| 999 |
_c6317 _d6317 |
||